Manual de redacción : comercial, administrativa, técnica y forense /

Guardado en:
Autor Principal: Torre, Antonio De La
Formato: Libro
Publicado: Buenos Aires : Huemul, 1974
Edición:3a. ed.
Materias:
Etiquetas: Agregar Etiqueta
Sin Etiquetas, Sea el primero en etiquetar este registro!
LEADER 00936nam a22002295a 4500
001 CEM.cems006300
005 20060214000000.0
008 130507s1974##################000#0#####d
003 CEMS
082 0 4 |a 651.7 
100 1 |a Torre, Antonio De La 
245 1 0 |a Manual de redacción :  |b comercial, administrativa, técnica y forense / 
250 |a 3a. ed. 
260 |a Buenos Aires :  |b Huemul,  |c 1974 
300 |a 231 p. 
505 0 |a Concepto de la escritura.-Conocimientos f¡sicos necesarios para el cal¡grafo.-Nociónes de est'tica.-De la escritura en general.-Medios necesarios para escribir.-Cualidades del cal¡grafo.-De la obra escrita como producci¢n de arte de la palabra.-Historia de la escritura en Espa¤a 
653 |a Actas-redaccion 
653 |a Cartas comerciales 
653 |a Contratos-redaccion 
653 |a Escritura 
653 |a Redaccion comercial 
859 |a CEMS  |b BIB. CEMS - 11 de abril  |h 651.7  |i T635a3  |p 14345.86  |t Ej.1